Luchas por el poder en los discursos del periódico La Nación sobre el caso CCSS-Fischel /
Este texto presenta los resultados obtenidos a partir del análisis del discurso del periódico La Nación sobre el caso CCSS- Fischel. El análisis se focalizó en la modalidad del enunciado, las voces en el discurso, las fuentes, los actores y sus roles semánticos, superestructuras y las estrategias se...
Salvato in:
| Autore principale: | |
|---|---|
| Natura: | testo |
| Soggetti: | |
| Tags: |
Aggiungi Tag
Nessun Tag, puoi essere il primo ad aggiungerne!!
|
MARC
| LEADER | 00000 a a2200000 04500 | ||
|---|---|---|---|
| 001 | 8900 | ||
| 003 | |||
| 040 | |||
| 100 | |a Vergara Heidke, Adrián | ||
| 245 | |a Luchas por el poder en los discursos del periódico La Nación sobre el caso CCSS-Fischel / |c Adrián Vergara Heidke | ||
| 520 | |a Este texto presenta los resultados obtenidos a partir del análisis del discurso del periódico La Nación sobre el caso CCSS- Fischel. El análisis se focalizó en la modalidad del enunciado, las voces en el discurso, las fuentes, los actores y sus roles semánticos, superestructuras y las estrategias semánticas discursivas utilizadas | ||
| 650 | |a CORRUPCION POLITICA | ||
| 650 | |a MEDIOS DE COMUNICACION | ||
| 650 | |a COSTA RICA | ||
| 773 | |g volumen 4; páguina 22 | ||
| 999 | |c 34582 |d 34582 | ||
